000 00549nam a2200217 a 4500
999 _c4126
_d4126
001 4126
003 BD-JhCC
005 20171123101559.0
008 171123s19381960e a|||| || | 000 0 eng d
035 _a(BD-JhCC)4126
040 _aBD-JhCC
_dBD-JhCC
041 _aeng
082 _a823.914
_bSTE 1960
100 _aStevenson, R. L.
245 _aThe Black Arrow /
_cR. L. Stevenson,
260 _aLondon :
_bLongmans, Green and Co. Ltd,
_c1960
300 _a160 p. :
_c19 cm.
650 _aEnglish Stories
942 _2ddc
_cBK